| 000 | 00463nam a2200169Ia 4500 | ||
|---|---|---|---|
| 999 |
_c16014 _d16014 |
||
| 003 | OSt | ||
| 005 | 20200606115844.0 | ||
| 008 | 190216s9999||||xx |||||||||||||| ||und|| | ||
| 040 | _cMESKC library | ||
| 082 |
_a954 _bSHA/B |
||
| 100 |
_aSharma, Venkat _9349 |
||
| 245 | 0 |
_aBharat Mahima / _cVenkat Sharma |
|
| 260 |
_bDevanagar Prakashan, _aJaipur: _c2000 |
||
| 300 | _a128p | ||
| 650 | _aHindi | ||
| 942 |
_cBK _2ddc _h954 _iSHA/B _k954 _mSHA/B |
||